000 01101nam a2200241Ia 4500
999 _c34445
_d34445
001 189
003 GE_BSU
005 20260220163654.0
008 181216s2006||||ge |||||||||||||| ||geo||
020 _a9994058843
040 _cGE_BSU
041 _ageo
080 _a339.923(075.8) გ–14
100 _aგადელია, დემურ
_9725
245 _aკორპორაციათა ფინანსები :
_bდამხმ. სახელმძღვ. უმაღლ. ეკონ. სასწ. /
_cდემურ გადელია; რედ.: რევაზ კაკულია.
264 _aთბილისი :
_bსტამბა შპს "ფინანსები,
_c2006.
300 _a300 გვ.;
_b20 სმ
504 _aბიბლიოგრ. ტექსტ. შენიშვნ. და გვ. 291-293.
653 _aეკონომიკა
653 _aკორპორაციათა ფინანსები
700 _aკაკულია, რევაზ
_eრედაქტორი
_9751
942 _cBK
_2udc